Mechanical sciences-I (Record no. 31053)
[ view plain ]
| 000 -LEADER | |
|---|---|
| fixed length control field | 00993nam a22002777a 4500 |
| 005 - DATE AND TIME OF LATEST TRANSACTION | |
| control field | 20091027103526.0 |
| 008 - FIXED-LENGTH DATA ELEMENTS--GENERAL INFORMATION | |
| fixed length control field | 091027t xxu||||| |||| 00| 0 eng d |
| 010 ## - LCCN (DPL NO) | |
| LC control number | ENG-95212 |
| 020 ## - INTERNATIONAL STANDARD BOOK NUMBER | |
| International Standard Book Number | 9780070671294 |
| Terms of availability | 250.00 |
| 020 ## - INTERNATIONAL STANDARD BOOK NUMBER | |
| International Standard Book Number | 007067129X |
| Terms of availability | 250.00 |
| 035 ## - SYSTEM CONTROL NUMBER | |
| System control number | EN-78745 |
| 037 ## - SOURCE OF ACQUISITION | |
| Source of stock number/acquisition | DBAD/PUB |
| 040 ## - CATALOGING SOURCE | |
| Original cataloging agency | DPL |
| 082 ## - DEWEY DECIMAL CLASSIFICATION NUMBER | |
| Classification number | 621 |
| 100 ## - MAIN ENTRY--PERSONAL NAME | |
| Personal name | Nag, P.K. |
| 245 ## - TITLE STATEMENT | |
| Title | Mechanical sciences-I |
| Statement of responsibility, etc | by P.K.Nag, Sukumar Pati and T.K. Jana |
| 246 ## - VARYING FORM OF TITLE | |
| Title proper/short title | WBUT Mechanical sciences-I: |
| Remainder of title | for ME 101- Mechanical sciences I |
| 260 ## - PUBLICATION, DISTRIBUTION, ETC. (IMPRINT) | |
| Place of publication, distribution, etc | New Delhi |
| Name of publisher, distributor, etc | Tata Mcgraw Hill Eduction |
| Date of publication, distribution, etc | 2009 |
| 270 ## - ADDRESS | |
| Address | 7, West Patel Nagar |
| City | New Delhi |
| Postal code | 110008 |
| 300 ## - PHYSICAL DESCRIPTION | |
| Extent | Various pagings |
| Dimensions | 24cm.(Pbk) |
| 500 ## - GENERAL NOTE | |
| General note | Approved by West Bengal University of Technology (WBUT) |
| 700 ## - ADDED ENTRY--PERSONAL NAME | |
| Personal name | Pati, Sukumar |
| 700 ## - ADDED ENTRY--PERSONAL NAME | |
| Personal name | Jana, T.K.. |
| 942 ## - ADDED ENTRY ELEMENTS (KOHA) | |
| Source of classification or shelving scheme | Dewey Decimal Classification |
| Item type | English Books |
| Call number suffix | NAG |
| Classification part | 621 |
| Withdrawn status | Lost status | Source of classification or shelving scheme | Damaged status | Not for loan | Collection code | Home library | Current library | Date acquired | Source of acquisition | Cost, normal purchase price | Total Checkouts | Full call number | Barcode | Date last seen | Copy number | Cost, replacement price | Koha item type |
|---|---|---|---|---|---|---|---|---|---|---|---|---|---|---|---|---|---|
| Dewey Decimal Classification | Not For Loan | Non-fiction | D.B.Act.Division | D.B.Act.Division | 27/10/2009 | DBAD / PUB | 250.00 | 621 NAG | EN-78745 | 27/10/2009 | 1 | 250.00 | English Books |
